| 000 | 00644nam a2200217 a 4500 | ||
|---|---|---|---|
| 999 |
_c4415 _d4415 |
||
| 001 | 10744 | ||
| 003 | BD-DhUAP | ||
| 005 | 20201109145132.0 | ||
| 008 | 201109t2008 ii a 001 0 eng d | ||
| 020 | _a9848090403 | ||
| 040 |
_aBD-DhUAP _cBD-DhUAP _bEng _dBD-DhUAP |
||
| 082 | 0 | 0 |
_223 _a621.382 SAM |
| 100 | _aSamad, M. Abdus. | ||
| 245 |
_aCommunication engineering fundamentals / _cM. Abdus Samad. |
||
| 250 | _a1st ed. | ||
| 260 |
_aDhaka : _bUniversity grants commission, _cc2008. |
||
| 300 |
_a322 pages : _billustrations ; _c22 cm. |
||
| 650 | _aWireless communication systems | ||
| 650 | _aTelecommunication systems. | ||
| 942 | 0 | 0 |
_2ddc _cBK |